[Event "11. Dubai International Open"]
[Site "Dubai UAE"]
[Date "2009.04.29"]
[Round "4.11"]
[White "Arun Prasad, S."]
[Black "Turova, Irina"]
[Result "1-0"]
[WhiteElo "2552"]
[BlackElo "2396"]
[PlyCount "115"]
[EventDate "2009.04.25"]
[EventType "swiss"]
[EventRounds "9"]
[EventCountry "UAE"]
[Source "lmi"]
[SourceDate "2009.04.25"]
[WhiteTeam "India"]
[BlackTeam "Rusia"]
[WhiteTeamCountry "IND"]
[BlackTeamCountry "RUS"]

1. d4 Nf6 2. c4 e6 3. Nc3 Bb4 4. Qc2 d5 5. cxd5 Qxd5 6. Nf3 Qf5 7. Qb3 Nc6 8.
Bd2 O-O 9. h3 Bxc3 10. Bxc3 Ne4 11. g4 Qd5 12. Qxd5 exd5 13. Rc1 f5 14. gxf5
Bxf5 15. Nd2 Rae8 16. Nxe4 Bxe4 17. Rh2 Nd8 18. Kd2 Ne6 19. h4 h5 20. f3 Bf5
21. Re1 c6 22. e3 Rf7 23. Be2 g6 24. Bd1 Rd7 25. Rg2 Kh7 26. Rg3 Nd8 27. Bc2
Bxc2 28. Kxc2 Rde7 29. Reg1 Re6 30. e4 Rf8 31. exd5 cxd5 32. Rg5 Rd6 33. Bb4
Rc6+ 34. Kb1 Rxf3 35. Rxd5 Nf7 36. Rd7 Rc4 37. Bc3 b5 38. a3 a6 39. Re1 g5 40.
Ree7 Kg6 41. Re6+ Rf6 42. d5 Rxc3 43. Rxf6+ Kxf6 44. hxg5+ Nxg5 45. bxc3 h4 46.
Rd8 Nf7 47. Re8 Kg5 48. Rg8+ Kh5 49. Rg7 Nd6 50. Kc2 h3 51. Kd3 Kh4 52. Rh7+
Kg3 53. Kd4 h2 54. Kc5 Nf5 55. d6 Nh4 56. d7 h1=Q 57. d8=Q Qe4 58. Qxh4+ 1-0

[Event "11. Dubai International Open"]
[Site "Dubai UAE"]
[Date "2009.04.29"]
[Round "4.12"]
[White "Laxman, R.R."]
[Black "Neverov, Valeriy"]
[Result "1/2-1/2"]
[WhiteElo "2521"]
[BlackElo "2552"]
[PlyCount "77"]
[EventDate "2009.04.25"]
[EventType "swiss"]
[EventRounds "9"]
[EventCountry "UAE"]
[Source "lmi"]
[SourceDate "2009.04.25"]
[WhiteTeam "India"]
[BlackTeam "Ucrania"]
[WhiteTeamCountry "IND"]
[BlackTeamCountry "UKR"]

1. d4 Nf6 2. Nf3 g6 3. c4 Bg7 4. Nc3 d5 5. cxd5 Nxd5 6. e4 Nxc3 7. bxc3 c5 8.
Be3 Qa5 9. Qd2 Nc6 10. Rc1 cxd4 11. cxd4 Qxd2+ 12. Kxd2 O-O 13. d5 Rd8 14. Ke1
Nb4 15. Bd2 Na6 16. Bg5 Kf8 17. Bd3 f5 18. Bxa6 bxa6 19. Rc7 Rd7 20. Rxd7 Bxd7
21. e5 Rb8 22. Ke2 h6 23. Be3 Bb5+ 24. Kd2 Rd8 25. Nd4 Rxd5 26. f4 Ke8 27. Rc1
Kd7 28. Ke1 e6 29. Nxb5 axb5 30. Bxa7 Bf8 31. Ke2 g5 32. g3 Be7 33. Bb6 b4 34.
Rc7+ Ke8 35. Rc8+ Kf7 36. Ra8 Rb5 37. Bd4 b3 38. axb3 Rxb3 39. Ra7 1/2-1/2

[Event "11. Dubai International Open"]
[Site "Dubai UAE"]
[Date "2009.04.29"]
[Round "4.14"]
[White "Aleksandrov, Aleksej"]
[Black "Lejlic, Samir"]
[Result "1-0"]
[WhiteElo "2624"]
[BlackElo "2388"]
[PlyCount "77"]
[EventDate "2009.04.25"]
[EventType "swiss"]
[EventRounds "9"]
[EventCountry "UAE"]
[Source "lmi"]
[SourceDate "2009.04.25"]
[WhiteTeam "Bielorusia"]
[BlackTeam "Suecia"]
[WhiteTeamCountry "BLR"]
[BlackTeamCountry "SWE"]

1. d4 c5 2. d5 Nf6 3. c4 e6 4. Nc3 exd5 5. cxd5 d6 6. Nf3 g6 7. Bf4 a6 8. a4
Bg7 9. h3 O-O 10. e3 Qe7 11. Be2 Nbd7 12. O-O Rb8 13. Re1 Ne8 14. Bf1 Nc7 15.
e4 Ne5 16. Nd2 b5 17. axb5 axb5 18. Ra7 Qd8 19. Bg3 g5 20. Qh5 Bd7 21. Nd1 f5
22. Bxe5 Be8 23. Qe2 Bxe5 24. exf5 Nxd5 25. Nf3 Nf4 26. Qc2 Bf6 27. Ne3 Qb6 28.
Rea1 Qc6 29. Ng4 Nxh3+ 30. Kh2 h5 31. Nxf6+ Rxf6 32. Qc3 d5 33. Qe5 Rd8 34.
gxh3 d4 35. Nxg5 d3 36. Bxd3 Rxd3 37. Rg1 Bg6 38. Ne4 Kf8 39. Qe7+ 1-0

[Event "11. Dubai International Open"]
[Site "Dubai UAE"]
[Date "2009.04.29"]
[Round "4.16"]
[White "Al Qudaimi, Basheer"]
[Black "Safarli, Eltaj"]
[Result "1/2-1/2"]
[WhiteElo "2423"]
[BlackElo "2599"]
[PlyCount "67"]
[EventDate "2009.04.25"]
[EventType "swiss"]
[EventRounds "9"]
[EventCountry "UAE"]
[Source "lmi"]
[SourceDate "2009.04.25"]
[WhiteTeam "Yemen"]
[BlackTeam "Azerbaiyán"]
[WhiteTeamCountry "YEM"]
[BlackTeamCountry "AZE"]

1. e4 c5 2. c3 d5 3. exd5 Qxd5 4. d4 Nf6 5. Nf3 e6 6. Na3 Qd8 7. Bg5 Nbd7 8.
Nc4 Qc7 9. Bh4 Be7 10. Bg3 Qc6 11. dxc5 O-O 12. b4 b6 13. Nd4 Qe4+ 14. Be2 bxc5
15. Nd2 Qb7 16. Bf3 Nd5 17. bxc5 Qb2 18. Qc1 Qxc1+ 19. Rxc1 Nxc5 20. O-O Bb7
21. N2b3 Nxb3 22. Nxb3 Ba3 23. c4 Bxc1 24. Rxc1 Rac8 25. cxd5 Rxc1+ 26. Nxc1
Rc8 27. Bf4 Bxd5 28. Bxd5 exd5 29. Kf1 Rc2 30. Ke1 f6 31. Bd2 Kf7 32. Ke2 Rc4
33. Kd3 Ra4 34. Ke2 1/2-1/2